000 00588cam a2200193 4500500
005 20260329003628.0
041 _afre
042 _adc
100 1 0 _aEnjalbert, Cédric
_eauthor
245 0 0 _aVérité chez les Jarawa, erreur au-delà?
260 _c2016.
500 _a45
690 _aJarawa
690 _aphilosophie
690 _aRelativisme moral
690 _aUniversalisme
786 0 _nPhilosophie magazine | 99 | 5 | 2016-05-01 | p. 15-15 | 1951-1787
856 4 1 _uhttps://shs.cairn.info/magazine-philosophie-magazine-2016-5-page-15?lang=fr&redirect-ssocas=7080
999 _c1826199
_d1826199